Indian Architecture (Buddhist and Hindu Periods) (Record no. 14)
[ view plain ]
| 000 -LEADER | |
|---|---|
| fixed length control field | 00391nam a2200157Ia 4500 |
| 003 - CONTROL NUMBER IDENTIFIER | |
| control field | OSt |
| 005 - DATE AND TIME OF LATEST TRANSACTION | |
| control field | 20200313054632.0 |
| 008 - FIXED-LENGTH DATA ELEMENTS--GENERAL INFORMATION | |
| fixed length control field | 200302s9999 xx 000 0 und d |
| 020 ## - INTERNATIONAL STANDARD BOOK NUMBER | |
| International Standard Book Number | 9788123924571 |
| 100 ## - MAIN ENTRY--PERSONAL NAME | |
| Personal name | Percy Brown |
| 245 ## - TITLE STATEMENT | |
| Title | Indian Architecture (Buddhist and Hindu Periods) |
| 260 ## - PUBLICATION, DISTRIBUTION, ETC. (IMPRINT) | |
| Name of publisher, distributor, etc | D. B. Taraporevala Sons & Co. Pvt. Ltd. |
| 260 ## - PUBLICATION, DISTRIBUTION, ETC. (IMPRINT) | |
| Date of publication, distribution, etc | 1976 |
| 300 ## - PHYSICAL DESCRIPTION | |
| Extent | 214 P., |
| 942 ## - ADDED ENTRY ELEMENTS (KOHA) | |
| Source of classification or shelving scheme | |
| Withdrawn status | Lost status | Source of classification or shelving scheme | Damaged status | Koha normalized classification for sorting | Not for loan | Permanent location | Current location | Date acquired | Total Checkouts | Full call number | Barcode | Date last seen | Date last borrowed | Price effective from | Koha item type |
|---|---|---|---|---|---|---|---|---|---|---|---|---|---|---|---|
| 722_400000000000000_BRO | BMS College of Architecture, Design and Planning | BMS College of Architecture, Design and Planning | 2020-03-03 | 1 | 722.4 BRO | CL-UG5354 | 2022-04-18 | 2022-04-05 | 2020-03-03 | UG Books from CL | |||||
| 722_400000000000000_BRO | BMS College of Architecture, Design and Planning | BMS College of Architecture, Design and Planning | 2020-03-13 | 4 | 722.4 BRO | AR-UG1733 | 2023-07-31 | 2023-07-17 | 2020-03-13 | UG Books |